Sistema colombiano de formación de educadores y lineamientos de política / (Registro nro. 40828)

Detalles MARC
000 -LEADER
fixed length control field 01515nam a2200337 a 4500
003 - CONTROL NUMBER IDENTIFIER
control field CO-CtgCURN
005 - DATE AND TIME OF LATEST TRANSACTION
control field 20250429224141.0
006 - FIXED-LENGTH DATA ELEMENTS--ADDITIONAL MATERIAL CHARACTERISTICS
fixed length control field a 000 0
007 - PHYSICAL DESCRIPTION FIXED FIELD--GENERAL INFORMATION
fixed length control field ta
008 - FIXED-LENGTH DATA ELEMENTS--GENERAL INFORMATION
fixed length control field 040623s2013 ck fr 000 1 spa d
020 ## - INTERNATIONAL STANDARD BOOK NUMBER
International Standard Book Number 9789586915663
040 ## - CATALOGING SOURCE
Original cataloging agency CO-CtgCURN
Language of cataloging spa
Transcribing agency coctgcurn
082 04 - DEWEY DECIMAL CLASSIFICATION NUMBER
Classification number 370.71
Item number C718
Edition information 20
110 2# - MAIN ENTRY--CORPORATE NAME
Corporate name or jurisdiction name as entry element Colombia. Ministerio de Educación Nacional.
245 10 - TITLE STATEMENT
Title Sistema colombiano de formación de educadores y lineamientos de política /
Statement of responsibility, etc. Ministerio de Educación Nacional.
260 ## - PUBLICATION, DISTRIBUTION, ETC.
Place of publication, distribution, etc. Bogotá :
Name of publisher, distributor, etc. Ministerio de Educación Nacional,
Date of publication, distribution, etc. 2013.
300 ## - PHYSICAL DESCRIPTION
Extent 148 p :
Other physical details tablas, fot., diagrs.
336 ## - CONTENT TYPE
Source rdacontent
337 ## - MEDIA TYPE
Source rdamedia
Media type term sin mediacion
Media type code n
338 ## - CARRIER TYPE
Source rdacarrier
Carrier type term volumen
Carrier type code nc
500 ## - GENERAL NOTE
General note Incluye índices.
504 ## - BIBLIOGRAPHY, ETC. NOTE
Bibliography, etc. note Incluye bibliografía (p. 145-147)
505 8# - FORMATTED CONTENTS NOTE
Formatted contents note Contextualización internacional y nacional de la formación de educadores -- Sistema colombiano de formación de educadores -- Subsistemas de formación de educadores: inicial, en servicio y avanzada -- Lineamientos de la política colombiana de formación de educadores
650 14 - SUBJECT ADDED ENTRY--TOPICAL TERM
Topical term or geographic name entry element Formación profesional de maestros
Geographic subdivision Colombia.
Source of heading or term LEMB
650 14 - SUBJECT ADDED ENTRY--TOPICAL TERM
Topical term or geographic name entry element Formación de maestros
Geographic subdivision Colombia.
Source of heading or term LEMB
650 14 - SUBJECT ADDED ENTRY--TOPICAL TERM
Topical term or geographic name entry element Política educativa
Geographic subdivision Colombia.
Source of heading or term LEMB
650 14 - SUBJECT ADDED ENTRY--TOPICAL TERM
Topical term or geographic name entry element Calidad de la educación
Geographic subdivision Colombia.
Source of heading or term LEMB
650 14 - SUBJECT ADDED ENTRY--TOPICAL TERM
Topical term or geographic name entry element Innovaciones educativas
Geographic subdivision Colombia.
Source of heading or term LEMB
852 ## - LOCATION
-- 15000
942 ## - ADDED ENTRY ELEMENTS (KOHA)
Koha item type Libros
Classification part 370.71
Item part C718
Source of classification or shelving scheme Dewey Decimal Classification
Existencias
Withdrawn status Lost status Source of classification or shelving scheme Damaged status Not for loan Collection Home library Current library Shelving location Date acquired Inventory number Total checkouts Full call number Barcode Date last seen Copy number Price effective from Koha item type Public note
    Dewey Decimal Classification     General Miguel Henríquez Castañeda Miguel Henríquez Castañeda General 04/29/2025 017795   370.71 C718 017795 04/29/2025 ej.1 04/29/2025 Libros 370-EDUCAC